Elektronika a přenos zpráv : Příklady
Saved in:
| Main Author: | |
|---|---|
| Format: | Book |
| Language: | Czech |
| Published: |
Praha :
České vysoké učení technické v Praze,
1983
|
| Edition: | 1. vyd. |
| Tags: |
No Tags, Be the first to tag this record!
|
MARC
| LEADER | 00000nam a22000003a 4500 | ||
|---|---|---|---|
| 001 | stu25958 | ||
| 005 | 20150617225746.0 | ||
| 008 | 980605s1983------------------------cze-d | ||
| 040 | |a STU |b slo | ||
| 041 | 0 | |a cze | |
| 100 | 1 | |a Syrovátka, Břetislav |4 aut | |
| 245 | 1 | |a Elektronika a přenos zpráv : |b Příklady | |
| 250 | |a 1. vyd. | ||
| 260 | |a Praha : |b České vysoké učení technické v Praze, |c 1983 | ||
| 300 | |a 172 s | ||
| 996 | |b 284ES17407 |c E*S-18976 |l EE01 |s A |a 24 |w stu25958_0001 | ||
| 996 | |b 284ES17408 |c E*S-18980 |l EE01 |s A |a 24 |w stu25958_0004 | ||